| 000 | 00386nam a22001577a 4500 | ||
|---|---|---|---|
| 003 | OSt | ||
| 008 | 250115b |||||||| |||| 00| 0 eng d | ||
| 041 | _aeng | ||
| 082 |
_a621.8 _bKHU/ME |
||
| 100 |
_aKhurmi, RS _96938 |
||
| 245 | _aMechanical Engineering (Objective Type) | ||
| 250 | _a2nd | ||
| 260 |
_aNew Delhi: _bPublishing House _c1985. |
||
| 700 |
_aGupta, JK _96939 |
||
| 942 | _cBK | ||
| 999 |
_c19030 _d19030 |
||